أصول إدارة الأفراد / (Record no. 14098)
[ view plain ]
| 000 -LEADER | |
|---|---|
| fixed length control field | 00838nam a22002057a 4500 |
| 008 - FIXED-LENGTH DATA ELEMENTS--GENERAL INFORMATION | |
| fixed length control field | 100616t xxu||||| |||| 00| 0 eng d |
| 082 ## - DEWEY DECIMAL CLASSIFICATION NUMBER | |
| Edition number | 22 |
| Classification number | 658.3 |
| Item number | ع ط ي |
| 245 ## - TITLE STATEMENT | |
| Title | أصول إدارة الأفراد / |
| Statement of responsibility, etc | طاهر مرسي عطيه |
| 260 ## - PUBLICATION, DISTRIBUTION, ETC. (IMPRINT) | |
| Place of publication, distribution, etc | [د.م] : |
| Name of publisher, distributor, etc | [د.ن] ، 2008 |
| Date of publication, distribution, etc | 2008 |
| 300 ## - PHYSICAL DESCRIPTION | |
| Extent | 205 ص : |
| Other physical details | ايض ؛ |
| Dimensions | 24 سم |
| 500 ## - GENERAL NOTE | |
| General note | إهداء: د. سماء عطيه |
| 650 ## - SUBJECT ADDED ENTRY--TOPICAL TERM | |
| 9 (RLIN) | 14810 |
| Topical term or geographic name as entry element | إدارة الأفراد |
| 650 ## - SUBJECT ADDED ENTRY--TOPICAL TERM | |
| 9 (RLIN) | 14811 |
| Topical term or geographic name as entry element | الأجور |
| 650 ## - SUBJECT ADDED ENTRY--TOPICAL TERM | |
| 9 (RLIN) | 14812 |
| Topical term or geographic name as entry element | تحليل الوظائف |
| 650 ## - SUBJECT ADDED ENTRY--TOPICAL TERM | |
| 9 (RLIN) | 14813 |
| Topical term or geographic name as entry element | توصيف الوظائف |
| 650 ## - SUBJECT ADDED ENTRY--TOPICAL TERM | |
| 9 (RLIN) | 14814 |
| Topical term or geographic name as entry element | حوافز الإنتاج |
| 650 ## - SUBJECT ADDED ENTRY--TOPICAL TERM | |
| 9 (RLIN) | 14815 |
| Topical term or geographic name as entry element | الموظفون |
| 942 ## - ADDED ENTRY ELEMENTS (KOHA) | |
| Source of classification or shelving scheme | Dewey Decimal Classification |
| Item type | Book - Borrowing |
| Withdrawn status | Item status | Source of classification or shelving scheme | Damaged status | Not for loan | Vendor | Home library | Current library | Shelving location | Date acquired | Source of acquisition | Total Checkouts | Full call number | Barcode | Date last seen | Koha item type |
|---|---|---|---|---|---|---|---|---|---|---|---|---|---|---|---|
| Dewey Decimal Classification | Central Library | Central Library | First floor | 16/06/2010 | 658.3 أصو | 000020401 | 15/07/2025 | Book - Borrowing |